000 00803nam a22002297a 4500
005 20150514103220.0
010 _aENG-112646
020 _c95.00
_a8123767870
020 _a9788123767871
_c95.00
035 _aEN-96178
037 _bDBAD/PUB
082 _a305.800954
100 _aPaul, Anuradha
245 0 0 _aThe Gonds :
_cby Anuradha Paul
_bgenesis, history & culture /
260 _aNew Delhi
_bNational Book Trust
_c2013
270 _aNehru Bhawan, 5 Institutional area, Phase-ll Vasant Kunj
_bNew Delhi
_e110070
300 _axv,160p.:
_c22cm(pbk)
_bcol. ill.
500 _aIncludes bibliographical references (pages 159-160).
650 _a Gond (Indic people)
_xSocial life and customs.
650 _aGond (Indic people)
_xReligion.
942 _2ddc
_cEN
_mPAU
_h305.800954
999 _c92904
_d92904